Statistiken für Hauptstädte Japans

Klicken Sie hier um das Quiz zu spielen!

Allgemein

  • Dieses Quiz wurde 37 mal gespielt
  • Das Durchschnittsergebnis liegt bei 26 aus 46

Antwortstatistiken

PärfekturHauptstadt% Korrekt
KyotoKyoto
86%
OsakaOsaka
86%
HiroshimaHiroshima
82%
HokkaidoSapporo
82%
TokyoTokyo
82%
ChibaChiba
79%
FukushimaFukushima
79%
NiigataNiigata
79%
SaitamaSaitama
79%
KanagawaYokohama
79%
FukuokaFukuoka
75%
NagasakiNagasaki
75%
NaraNara
75%
OkayamaOkayama
75%
KagoshimaKagoshima
71%
MiyazakiMiyazaki
71%
OitaOita
71%
AomoriAomori
68%
KumamotoKumamoto
68%
NagotoNagoto
68%
TokushimaTokushima
68%
TottoriTottori
68%
ToyamaToyama
68%
WakayamaWakayama
68%
YamagataYamagata
68%
AkitaAkita
64%
FukuiFukui
64%
GifuGifu
64%
AichiNagoya
64%
SagaSaga
64%
YamaguchiYamaguchi
64%
ShizuokaShizuoka
57%
MiyagiSendai
54%
HyogoKobe
50%
OkinawaNaha
32%
IwateMorioka
25%
GunmaMaebashi
21%
KagawaTakamatsu
21%
TochigiUtsunomiya
18%
YamanashiKofu
14%
EhimeMatsuyama
14%
IbarakiMito
14%
ShigaOtsu
14%
MieTsu
14%
IshikawaKanazawa
11%
ShimaneMatsue
11%

Verteilung der Resultate

Perzentil nach korrekt beantworteten Fragen

Anzahl Personen mit jedem Resultat

Ihre Resultats-Entwicklung

Sie haben dieses Quiz noch nicht gespielt